000 00683cab a2200253 4500
001 WB3312-39
008 090401t1997 xxu||||| |||| 00| 0 eng d
035 _a(Sirsi) u77202
041 _aeng
245 _aOverseas investors
260 _c1997
350 _a0
490 _aEuropean
_v13-19 March 1997, 25(2)
520 _aTwo articles on countries` investment in foreign property markets focusing on the experience of Germany and the US.
650 _aFOREIGN PROPERTY
650 _aGERMANY
650 _aINVESTORS
650 _aPROPERTY INVESTMENT
650 _aTAX BREAKS
650 _aUNITED STATES
690 _aOVERSEAS
942 _n0
948 _c19/03/1997
999 _c48525
_d48525